| 000 | 01090nac a22003377a 4500 | ||
|---|---|---|---|
| 001 | BR8101685 | ||
| 003 | BR-BrBNA | ||
| 005 | 20240105114941.0 | ||
| 008 | 230509b bl.|||m| |||| 00| 0 por d | ||
| 040 |
_aBR-BrBNA _bpor _cBiblioteca Nacional de Agricultura |
||
| 072 | _aK10; F70 | ||
| 090 | _a3000 BR8101685 | ||
| 100 | 1 | _aSantiago, A. da C. | |
| 110 | 1 | _aCoordenadoria de Assistencia Tecnica Integral, Campinas, SP (Brasil) | |
| 245 | 1 | _aArborizacao das cidades [Producao florestal; Taxonomia vegetal; Arvore ornamental; Poda; Muda; Brasil] | |
| 250 | 1 | _a4. ed. | |
| 260 | 3 |
_aCampinas, SP (Brasil): _c1980. |
|
| 300 | _a23 p. | ||
| 490 |
_aBoletim Tecnico - Coordenadoria de Assistencia Tecnica Integral (Brazil) _vno. 90 _xISSN 0100-4417 |
||
| 650 | _aProducao florestal | ||
| 650 | _aTaxonomia vegetal | ||
| 650 | _aArvore ornamental | ||
| 650 | _aPoda | ||
| 650 | _aArborizacao | ||
| 650 | _aMuda | ||
| 650 | _aPraga de planta | ||
| 650 | _aDoenca de planta | ||
| 650 | _aViveiro | ||
| 909 |
_a202312 _bLúcia Elande _c55 _dLúcia Elande |
||
| 942 |
_2AGRIS _n0 _cMS |
||
| 999 |
_c272215 _d272215 |
||